000 00319nam a22001337a 4500
008 171016b xxu||||| |||| 00| 0 eng d
020 _a9780130385680
041 _aeng
080 _29TH
_a33
100 _a52
101 _aEKO
245 _aTHE ECONOMICS OF POVERTY AND DISCRIMINATION
_cSCHILLER,B.R
942 _2udc
_cBK
999 _c34202
_d34202